00522 2200205 4500001002100000008004100021035002000062245007600082100002200158250000600180260003500186300001100221084001400232082000800246650001400254990001200268990001200280990001200292990001200304INLIS000000000000542 ind  a0010-0424000518 aEnsiklopedia Pengetahuan Populer 2; Cacing - JembatancJennifer Justice aJustice, Jennifer a1 aJakarta :bLentera Abadic2015 a97 hlm a500 JEN e a500 aNon Fiksi a0722196 a0722197 a0722198 a0722199